<The> making of Chinese foreign and security policy in the era of reform, 1978-2000

Enregistré dans:
Détails bibliographiques
Autres auteurs: Lampton, David M.
Format: Livre
Langue:anglais
Publié: Stanford Stanford University Press 2001
Sujets:
Tags: Ajouter un tag
Pas de tags, Soyez le premier à ajouter un tag!

MARC

LEADER 00000nam$a2200000$$$4500
001 0097028
005 20221129101044.8
020 |a 0-8047-4056-9 
041 0 |a eng 
044 |a US 
245 1 0 |a <The> making of Chinese foreign and security policy in the era of reform, 1978-2000  |c David M. Lampton, editor 
264 1 |a Stanford  |b Stanford University Press  |c 2001 
300 |a 508 s. 
610 2 0 |a politika zahraničná 
610 2 0 |a politika bezpečnostná 
610 2 0 |a štúdie prípadové 
610 2 0 |a reformy 
610 2 0 |a Čína 
700 1 |a Lampton, David M.